| 000 | 01442nam a22002297a 4500 | ||
|---|---|---|---|
| 999 |
_c56963 _d56963 |
||
| 003 | Ge_BSU | ||
| 005 | 20190911115736.0 | ||
| 008 | 190911s2019 ge ||||| |||| 00| 0 geo d | ||
| 020 | _a9789941183270 | ||
| 041 | _ageo | ||
| 080 | _a94(55)+94(479.22) q-27 | ||
| 245 |
_aქართველები თეირანის დულაბის ქრისტიანულ სასაფლაოზე = Georgians on the Doulab christian cemetery of Tehran _b[კრებული] / _c რედ : ნიკოლოზ ნახუცრიშვილი და გიორგი სანიკიძე. |
||
| 264 |
_aთბილისი : _bილიას სახელმწ. უნივერსიტეტი, _c 2019. |
||
| 300 |
_a180 გვ. : _bფოტ. ; _c22 სმ. |
||
| 504 | _aბიბლიოგრაფია: გვ. 139-144. | ||
| 520 | _aრეზიუმე ინგლისურ ენაზე. | ||
| 653 | _aისტორია | ||
| 700 |
_aნახუცრიშვილი, ნიკოლოზ _eრედაქტორი _93951 |
||
| 700 |
_aსანიკიძე, გიორგი _eრედაქტორი _93936 |
||
| 710 |
_eილიას სახელმწ. უნივერსიტეტი, გ. წერეთლის აღმოსავლეთმცოდნეობის ინსტიტუტი _93954 |
||
| 942 |
_2udc _cBK |
||